[Event "Krasnoyarsk-ch"]
[Site "Krasnoyarsk"]
[Date "2012.02.06"]
[Round "6"]
[White "Tegay, Sergey"]
[Black "Mullin, Alexandr"]
[Result "0-1"]
[WhiteElo "2207"]
[BlackElo "2132"]
[PlyCount "60"]
[EventDate "2012.02.01"]
[EventType "tourn"]
[EventRounds "9"]
[EventCountry "RUS"]
[SourceTitle "EXT 2013"]
[Source "ChessBase"]
[SourceDate "2012.11.22"]
[SourceVersion "1"]
[SourceVersionDate "2012.11.22"]
[SourceQuality "1"]

1. e4 c6 2. d4 d5 3. Nc3 dxe4 4. Nxe4 Nd7 5. Ng5 Ngf6 6. Bd3 e6 7. N1f3 Bd6 8. Qe2 h6 9. Ne4 Nxe4 10. Qxe4 Nf6 11. Qh4 Ke7 12. Ne5 Bxe5 13. dxe5 Qa5+ 14. c3 Qxe5+ 15. Be3 b6 16. 0-0-0 g5 17. Qh3 Bd7 18. Rhf1 Nd5 19. Kb1 c5 20. Qf3 Bc6 21. Qh5 Nf4 22. Bxf4 Qxf4 23. f3 Rad8 24. Bc2 Rd5 25. Rde1 Rd2 26. g3 Qc4 27. f4 Bg2 28. Rg1 Bd5 29. Rgf1 Qxa2+ 30. Kc1 Rg2 0-1

[Event "Krasnoyarsk-ch"]
[Site "Krasnoyarsk"]
[Date "2012.02.02"]
[Round "2"]
[White "Malikov, Alexandr"]
[Black "Mullin, Alexandr"]
[Result "0-1"]
[WhiteElo "2111"]
[BlackElo "2132"]
[PlyCount "108"]
[EventDate "2012.02.01"]
[EventType "tourn"]
[EventRounds "9"]
[EventCountry "RUS"]
[SourceTitle "EXT 2013"]
[Source "ChessBase"]
[SourceDate "2012.11.22"]
[SourceVersion "1"]
[SourceVersionDate "2012.11.22"]
[SourceQuality "1"]

1. d4 d5 2. c4 e6 3. g3 c6 4. Nf3 Nf6 5. Bg2 Bd6 6. Qc2 0-0 7. 0-0 Nbd7 8. Nbd2 Re8 9. b3 e5 10. cxd5 cxd5 11. dxe5 Nxe5 12. Bb2 Bg4 13. Nxe5 Bxe5 14. Bxe5 Rxe5 15. Nf3 Re7 16. Nd4 Rc8 17. Qb2 Rec7 18. Rac1 a6 19. f3 Bd7 20. Kf2 h6 21. e3 Kh8 22. g4 Nh7 23. Rxc7 Qxc7 24. Kg1 Qe5 25. Re1 f5 26. f4 Qf6 27. gxf5 Bxf5 28. Rc1 Re8 29. Qd2 Be4 30. Bxe4 dxe4 31. Rc7 Nf8 32. f5 Nh7 33. Qc3 Ng5 34. Rc8 Rxc8 35. Qxc8+ Kh7 36. Qe8 Nf3+ 37. Nxf3 exf3 38. Qg6+ Qxg6+ 39. fxg6+ Kxg6 40. Kf2 Kf5 41. Kxf3 g6 42. e4+ Ke5 43. Ke3 g5 44. b4 b5 45. Kf3 h5 46. h3 Kd4 47. a3 Ke5 48. Ke3 g4 49. h4 g3 50. Kf3 g2 51. Kxg2 Kxe4 52. Kg3 Ke3 53. Kg2 Kf4 54. Kf2 Kg4 0-1

[Event "Krasnoyarsk Marchko Memorial"]
[Site "Krasnoyarsk"]
[Date "2011.12.20"]
[Round "4"]
[White "Mullin, Alexandr"]
[Black "Anikonov, Dmitry"]
[Result "0-1"]
[WhiteElo "2132"]
[BlackElo "2000"]
[PlyCount "84"]
[EventDate "2011.12.17"]
[EventType "tourn"]
[EventRounds "9"]
[EventCountry "RUS"]
[SourceTitle "EXT 2013"]
[Source "ChessBase"]
[SourceDate "2012.11.22"]
[SourceVersion "1"]
[SourceVersionDate "2012.11.22"]
[SourceQuality "1"]

1. d4 d5 2. c4 c6 3. Nc3 Nf6 4. Nf3 dxc4 5. Bf4 Bf5 6. e3 Nd5 7. Bg3 b5 8. Ne5 Qa5 9. Qd2 b4 10. Nxd5 cxd5 11. Be2 f6 12. Nf3 e6 13. 0-0 Nc6 14. Nh4 Bg6 15. f4 Bd6 16. Be1 Qc7 17. h3 Be4 18. Nf3 0-0 19. Qd1 Rac8 20. Nd2 Bg6 21. g4 Qe7 22. Rc1 a5 23. Nf3 Be4 24. Nd2 Bg6 25. Nf3 Rc7 26. Bh4 Qd7 27. Be1 Na7 28. Nh4 Be4 29. f5 e5 30. Bf3 Bxf3 31. Qxf3 e4 32. Qd1 Rfc8 33. Rf2 a4 34. Rg2 h6 35. Ng6 b3 36. h4 Kh7 37. axb3 cxb3 38. Rxc7 Qxc7 39. g5 Qc1 40. Qxc1 Rxc1 41. Kf1 Bb4 42. Re2 a3 0-1

[Event "Krasnoyarsk Marchko Memorial"]
[Site "Krasnoyarsk"]
[Date "2011.12.18"]
[Round "2"]
[White "Volontinas, Ivan Nikolaevich"]
[Black "Mullin, Alexandr"]
[Result "1/2-1/2"]
[WhiteElo "2167"]
[BlackElo "2132"]
[PlyCount "43"]
[EventDate "2011.12.17"]
[EventType "tourn"]
[EventRounds "9"]
[EventCountry "RUS"]
[SourceTitle "EXT 2013"]
[Source "ChessBase"]
[SourceDate "2012.11.22"]
[SourceVersion "1"]
[SourceVersionDate "2012.11.22"]
[SourceQuality "1"]

1. e4 c6 2. Nc3 d5 3. Nf3 Bg4 4. h3 Bxf3 5. Qxf3 e6 6. d4 Qb6 7. Qd3 Nd7 8. Bf4 dxe4 9. Nxe4 Qxb2 10. Rd1 Qa3 11. Qxa3 Bxa3 12. Nd6+ Bxd6 13. Bxd6 Ngf6 14. c4 0-0-0 15. Bd3 Rhe8 16. 0-0 g6 17. Rfe1 Nb6 18. Be5 Nfd7 19. Bd6 Nf6 20. Be5 Nfd7 21. Bd6 Nf6 22. Be5 1/2-1/2

[Event "Krasnoyarsk-ch"]
[Site "Krasnoyarsk"]
[Date "2010.02.12"]
[Round "9"]
[White "Pavlov, Oleg Yuryevich"]
[Black "Mullin, Alexandr"]
[Result "1/2-1/2"]
[WhiteElo "2292"]
[BlackElo "2097"]
[PlyCount "99"]
[EventDate "2010.02.04"]
[EventType "tourn"]
[EventRounds "11"]
[EventCountry "RUS"]
[SourceTitle "CBM 135 Extra"]
[Source "ChessBase"]
[SourceDate "2010.05.04"]
[SourceVersion "1"]
[SourceVersionDate "2010.05.04"]
[SourceQuality "1"]

1. d4 d5 2. Nf3 e6 3. c4 Be7 4. Nc3 Nf6 5. Bg5 Nbd7 6. e3 0-0 7. Qc2 h6 8. h4 c5 9. 0-0-0 Qa5 10. g4 b5 11. Bxf6 Nxf6 12. g5 Ng4 13. cxb5 h5 14. Bh3 cxd4 15. Nxd4 Bb7 16. Bxg4 hxg4 17. Kb1 Rac8 18. Qa4 Qb6 19. Nc6 Bxc6 20. bxc6 Rxc6 21. Qb3 Qxb3 22. axb3 Rb8 23. Rd3 Rcb6 24. Ne2 Rxb3 25. Rxb3 Rxb3 26. Nd4 Rb7 27. Rg1 Bb4 28. Ka2 a5 29. Rxg4 Rc7 30. f4 Rc1 31. g6 Rh1 32. f5 exf5 33. Nxf5 fxg6 34. Rxg6 Kf7 35. Rxg7+ Kf6 36. Ng3 Kxg7 37. Nxh1 Be1 38. Kb3 Bxh4 39. Kc3 Kf6 40. Kd4 Ke6 41. b3 Kd6 42. e4 dxe4 43. Kxe4 Kc5 44. Kd3 Kb4 45. Kc2 Be1 46. Kd1 Kxb3 47. Kxe1 a4 48. Nf2 Kc2 49. Ke2 a3 50. Nd3 1/2-1/2

[Event "Krasnoyarsk-ch"]
[Site "Krasnoyarsk"]
[Date "2010.02.08"]
[Round "5"]
[White "Pakhomov, Denis"]
[Black "Mullin, Alexandr"]
[Result "1/2-1/2"]
[WhiteElo "2063"]
[BlackElo "2097"]
[PlyCount "92"]
[EventDate "2010.02.04"]
[EventType "tourn"]
[EventRounds "11"]
[EventCountry "RUS"]
[SourceTitle "CBM 135 Extra"]
[Source "ChessBase"]
[SourceDate "2010.05.04"]
[SourceVersion "1"]
[SourceVersionDate "2010.05.04"]
[SourceQuality "1"]

1. e4 c6 2. d4 d5 3. exd5 cxd5 4. c4 Nf6 5. Nc3 e6 6. Nf3 Be7 7. Bd3 dxc4 8. Bxc4 0-0 9. 0-0 Nc6 10. a3 b6 11. Qd3 Bb7 12. Rd1 Qc7 13. Bg5 Rad8 14. Rac1 Qb8 15. Ba2 g6 16. Qe2 Kg7 17. d5 Nxd5 18. Nxd5 Bxg5 19. Nxg5 exd5 20. Bxd5 Qf4 21. Qf3 Qxg5 22. Bxc6 Bxc6 23. Qxc6 Qe5 24. b4 Qb2 25. Qf3 Rfe8 26. g3 Rd2 27. Rxd2 Qxc1+ 28. Rd1 Re1+ 29. Rxe1 Qxe1+ 30. Kg2 Qa1 31. h4 h5 32. b5 Qb2 33. Qd3 Qa1 34. Qd6 Qc3 35. Qe7 Qd4 36. Qxa7 Qd5+ 37. Kg1 Qxb5 38. a4 Qb1+ 39. Kh2 Qc2 40. Qxb6 Qxa4 41. Qb2+ Kg8 42. Qf6 Qe4 43. Kg1 Qd5 44. Kh2 Qe4 45. Kg1 Qd5 46. Kh2 Qe4 1/2-1/2

[Event "Krasnoyarsk-ch"]
[Site "Krasnoyarsk"]
[Date "2010.02.06"]
[Round "3"]
[White "Malikov, Alexandr"]
[Black "Mullin, Alexandr"]
[Result "0-1"]
[WhiteElo "2109"]
[BlackElo "2097"]
[PlyCount "108"]
[EventDate "2010.02.04"]
[EventType "tourn"]
[EventRounds "11"]
[EventCountry "RUS"]
[SourceTitle "CBM 135 Extra"]
[Source "ChessBase"]
[SourceDate "2010.05.04"]
[SourceVersion "1"]
[SourceVersionDate "2010.05.04"]
[SourceQuality "1"]

1. d4 d5 2. c4 e6 3. g3 c6 4. Nf3 Nf6 5. Bg2 Bd6 6. 0-0 0-0 7. Qc2 Nbd7 8. Nbd2 Re8 9. b3 e5 10. cxd5 cxd5 11. dxe5 Nxe5 12. Bb2 Bg4 13. Nxe5 Bxe5 14. Bxe5 Rxe5 15. Nf3 Rc8 16. Qb2 Re7 17. Nd4 Rec7 18. Rad1 Qd7 19. f3 Bh3 20. Rd3 Bxg2 21. Kxg2 a6 22. Rfd1 Qe8 23. Kf2 Qe5 24. Qd2 h6 25. Qe3 Qh5 26. Kg2 Re8 27. Qf4 Rce7 28. R1d2 Qg6 29. Kf2 Re5 30. g4 h5 31. h3 hxg4 32. hxg4 Nh7 33. Nf5 Ng5 34. Qg3 Qe6 35. e3 g6 36. Nd4 Qf6 37. Ke2 R5e7 38. Nc2 Ne6 39. Kf2 Nc5 40. Qg1 Nxd3+ 41. Rxd3 Qb2 42. Qd1 Rc7 43. Rd2 Qc3 44. Qe2 Qe5 45. Kg2 Rc3 46. Rd3 Rxd3 47. Qxd3 Kg7 48. Kf2 Qh2+ 49. Ke1 Rc8 50. Kd1 Qg1+ 51. Ne1 Qf2 52. a4 Qb2 53. Nc2 Rc3 54. Qd2 Qb1+ 0-1

[Event "Krasnoyarsk-ch"]
[Site "Krasnoyarsk"]
[Date "2010.02.05"]
[Round "2"]
[White "Mullin, Alexandr"]
[Black "Piskunov, Alexandr"]
[Result "1-0"]
[WhiteElo "2097"]
[BlackElo "2121"]
[PlyCount "93"]
[EventDate "2010.02.04"]
[EventType "tourn"]
[EventRounds "11"]
[EventCountry "RUS"]
[SourceTitle "CBM 135 Extra"]
[Source "ChessBase"]
[SourceDate "2010.05.04"]
[SourceVersion "1"]
[SourceVersionDate "2010.05.04"]
[SourceQuality "1"]

1. d4 d6 2. e4 Nf6 3. Nc3 g6 4. Bg5 Bg7 5. Qd2 h6 6. Bf4 c6 7. 0-0-0 b5 8. f3 a5 9. g4 h5 10. g5 Nfd7 11. e5 d5 12. h4 Nb6 13. Bd3 Na6 14. Qe2 Nb4 15. Nh3 Nxd3+ 16. Qxd3 0-0 17. Nf2 Re8 18. Rde1 Bf5 19. Qe2 e6 20. Nd3 Bxd3 21. Qxd3 Bf8 22. Ne2 Qc7 23. Be3 c5 24. dxc5 Bxc5 25. Bxc5 Qxc5 26. Nf4 Kg7 27. Rhg1 Rh8 28. Qxg6+ fxg6 29. Nxe6+ Kh7 30. Nxc5 Rhf8 31. e6 Ra7 32. f4 Re7 33. Rgf1 a4 34. b4 Kg7 35. Re5 Rf5 36. Rxf5 gxf5 37. Re1 Nc4 38. Rd1 Nb6 39. Kb2 Re8 40. Kc3 Rd8 41. Kd4 Kg6 42. Re1 Kg7 43. e7 Re8 44. Ne6+ Kf7 45. Nc7 Rxe7 46. Rxe7+ Kxe7 47. Nxd5+ 1-0

[Event "Krasnoyarsk op"]
[Site "Krasnoyarsk"]
[Date "2009.10.11"]
[Round "11"]
[White "Shapran, Nikita"]
[Black "Mullin, Alexandr"]
[Result "0-1"]
[WhiteElo "1760"]
[BlackElo "2065"]
[PlyCount "100"]
[EventDate "2009.10.01"]
[EventType "swiss"]
[EventRounds "11"]
[EventCountry "RUS"]
[SourceTitle "EXT 2010"]
[Source "ChessBase"]
[SourceDate "2010.11.25"]
[SourceVersion "1"]
[SourceVersionDate "2010.11.25"]
[SourceQuality "1"]

1. d4 d5 2. Nf3 Nf6 3. g3 c6 4. Bg2 Bf5 5. 0-0 e6 6. Nbd2 Nbd7 7. c3 Bd6 8. Qb3 Qb6 9. Qxb6 axb6 10. Re1 e5 11. dxe5 Bxe5 12. Nxe5 Nxe5 13. f4 Ned7 14. e4 Nxe4 15. Nxe4 Bxe4 16. Bxe4 dxe4 17. Rxe4+ Kd8 18. f5 Re8 19. Bg5+ f6 20. Rxe8+ Kxe8 21. Be3 h5 22. a3 Ra5 23. Rf1 Re5 24. Bd2 Nc5 25. b4 Nd3 26. Rf3 Nb2 27. h3 Nc4 28. Bc1 Re1+ 29. Rf1 Rxf1+ 30. Kxf1 b5 31. Ke2 Kd7 32. Kd3 Nd6 33. g4 hxg4 34. hxg4 Nc4 35. Ke4 Ke7 36. Kf4 Kf7 37. Ke4 g5 38. fxg6+ Kxg6 39. Kd4 Ne5 40. g5 Nf3+ 41. Kc5 fxg5 42. c4 Ne5 43. Kd4 Nxc4 44. a4 Nd6 45. axb5 Nxb5+ 46. Kc5 g4 47. Kb6 Kf5 48. Be3 Ke4 49. Bg1 Ke5 50. Bh2+ Kd5 0-1

[Event "Krasnoyarsk op"]
[Site "Krasnoyarsk"]
[Date "2009.10.07"]
[Round "7"]
[White "Mullin, Alexandr"]
[Black "Khegay, Dmitriy"]
[Result "1/2-1/2"]
[WhiteElo "2065"]
[BlackElo "2105"]
[PlyCount "71"]
[EventDate "2009.10.01"]
[EventType "swiss"]
[EventRounds "11"]
[EventCountry "RUS"]
[SourceTitle "EXT 2010"]
[Source "ChessBase"]
[SourceDate "2010.11.25"]
[SourceVersion "1"]
[SourceVersionDate "2010.11.25"]
[SourceQuality "1"]

1. e4 c5 2. Nf3 d6 3. d4 cxd4 4. Nxd4 Nf6 5. Nc3 a6 6. Be2 e5 7. Nb3 Be7 8. 0-0 0-0 9. Be3 b5 10. f4 Bb7 11. Bf3 Nbd7 12. a3 exf4 13. Bxf4 Ne5 14. Nd4 Nc4 15. b3 Nb6 16. Nf5 d5 17. e5 Bc5+ 18. Kh1 Ne4 19. Qe1 Nxc3 20. Qxc3 Rc8 21. Qd2 f6 22. e6 Re8 23. Rfe1 Rc6 24. b4 Bf8 25. Nd4 Rc4 26. Be2 Rc8 27. Bd3 g6 28. Qf2 Bg7 29. Qg3 Nc4 30. Bxg6 hxg6 31. Qxg6 Re7 32. Nf5 Qe8 33. Nh6+ Kh8 34. Nf7+ Kg8 35. Nh6+ Kh8 36. Nf7+ 1/2-1/2